[Event "SUI-ch Blitz"]
[Site "Biel"]
[Date "2023.07.29"]
[Round "3"]
[White "Rosen, Eric S"]
[Black "Kamber, Adrian"]
[Result "1-0"]
[WhiteElo "2344"]
[BlackElo "1879"]
[PlyCount "47"]
[EventDate "2023.07.29"]
[EventType "swiss (blitz)"]
[EventRounds "13"]
[EventCountry "SUI"]
[SourceTitle "CBM 215 Extra"]
[Source "ChessBase"]
[SourceDate "2023.09.30"]
[SourceVersion "1"]
[SourceVersionDate "2023.09.30"]
[SourceQuality "1"]

1. d4 Nf6 2. Bf4 Nh5 3. Bg5 h6 4. Bh4 g5 5. e4 Ng7 6. Bg3 c5 7. d5 e6 8. Nc3 a6 9. a4 d6 10. h4 exd5 11. Nxd5 g4 12. h5 Be6 13. Bh4 Qa5+ 14. c3 Nc6 15. Nf6+ Kd8 16. Nxg4+ Kc7 17. Ne3 Re8 18. Nf3 f5 19. Bd3 fxe4 20. Bxe4 Nf5 21. Bxf5 Bxf5 22. Bg3 Bg4 23. 0-0 Bxh5 24. Nc4 1-0

[Event "Neuchatel op"]
[Site "Neuchatel"]
[Date "1995.??.??"]
[Round "?"]
[White "Wahls, Matthias"]
[Black "Kamber, Adrian"]
[Result "0-1"]
[WhiteElo "2555"]
[BlackElo "2375"]
[PlyCount "78"]
[EventDate "1995.06.??"]
[EventType "swiss"]
[EventRounds "7"]
[EventCountry "SUI"]
[SourceTitle "CBM 049"]
[Source "ChessBase"]
[SourceDate "1995.12.01"]
[SourceVersion "1"]
[SourceVersionDate "1995.12.01"]
[SourceQuality "1"]

1. e4 c5 2. Nf3 e6 3. d4 cxd4 4. Nxd4 Nc6 5. Nb5 Bc5 6. N1c3 Nf6 7. Nd6+ Ke7 8. Bf4 e5 9. Nxc8+ Rxc8 10. Bg5 Kf8 11. Bd3 h6 12. Bxf6 Qxf6 13. 0-0 h5 14. Nd5 Qg5 15. c3 Ne7 16. Bb5 h4 17. Kh1 Rh6 18. b4 Rg6 19. g3 Nxd5 20. Qxd5 Bb6 21. Qd3 Rf6 22. f4 Qh5 23. g4 Qxg4 24. Bxd7 Rd8 25. Bxg4 Rxd3 26. fxe5 Rxf1+ 27. Rxf1 Ke7 28. Bc8 Bc7 29. Bxb7 Bxe5 30. Bd5 f6 31. c4 Rd2 32. c5 h3 33. b5 Rxh2+ 34. Kg1 Rc2 35. b6 axb6 36. cxb6 g5 37. Bb3 Rg2+ 38. Kh1 g4 39. Rf5 g3 0-1